| Tag |
First Indicator |
Second Indicator |
Subfields |
| LEADER |
00000cam a2200000 a 4500 |
| 001 |
in00000427550 |
| 005 |
20151012055752.0 |
| 008 |
850206s1985 nyu b 00110 eng d |
| 010 |
|
|
|a 85003478
|
| 020 |
|
|
|a 0080324002 :
|c $17.50 (est.)
|
| 020 |
|
|
|a 0080323995 (pbk.) :
|c $9.95 (est.)
|
| 035 |
|
|
|a (OCoLC)11755436
|
| 035 |
|
|
|9 ABV1384AM
|
| 040 |
|
|
|a DNLM/DLC
|c DLC
|d TXA
|d UtOrBLW
|
| 049 |
|
|
|a TXAM
|c [A09747868]
|
| 050 |
1 |
0 |
|a RC552.A72
|b W45 1985
|
| 060 |
|
0 |
|a WM 175 W429t
|
| 082 |
0 |
|
|a 616.85/2
|2 19
|
| 100 |
1 |
|
|a Weiss, Lillie.
|
| 245 |
1 |
0 |
|a Treating bulimia :
|b a psychoeducational approach /
|c Lillie Weiss, Melanie Katzman, Sharlene Wolchik.
|
| 264 |
|
1 |
|a New York :
|b Pergamon,
|c [1985]
|
| 264 |
|
4 |
|c ©1985
|
| 300 |
|
|
|a xiii, 111 pages ;
|c 24 cm.
|
| 336 |
|
|
|a text
|b txt
|2 rdacontent
|
| 337 |
|
|
|a unmediated
|b n
|2 rdamedia
|
| 338 |
|
|
|a volume
|b nc
|2 rdacarrier
|
| 490 |
1 |
|
|a Psychology practitioner guidebooks
|
| 500 |
|
|
|a Includes indexes.
|
| 504 |
|
|
|a Bibliography: pages 97-102.
|
| 650 |
|
0 |
|a Bulimia
|x Treatment.
|
| 650 |
|
0 |
|a Psychotherapy.
|
| 650 |
|
2 |
|a Eating Disorders
|x therapy.
|
| 650 |
|
2 |
|a Psychotherapy.
|
| 700 |
1 |
|
|a Katzman, Melanie.
|
| 700 |
1 |
|
|a Wolchik, Sharlene.
|
| 830 |
|
0 |
|a Psychology practitioner guidebooks.
|
| 999 |
|
|
|a MARS
|
| 999 |
f |
f |
|s 5384113d-e0d4-3534-9aac-39229bae7f2a
|i 9c1a90f8-68f4-3c3b-9ce4-e322fcdc9b07
|t 0
|
| 952 |
f |
f |
|p ric
|a Texas A&M University
|b Rellis Campus
|c Joint Library Facility
|d Remote Storage
|t 0
|e RC552.A72 W45 1985
|h Library of Congress classification
|i unmediated -- volume
|m A14809747868
|
| 998 |
f |
f |
|a RC552.A72 W45 1985
|t 0
|l Remote Storage
|